| 000 | 00724nam a22002057a 4500 | ||
|---|---|---|---|
| 003 | OSt | ||
| 005 | 20190212172055.0 | ||
| 008 | 190208b xxu||||| |||| 00| 0 eng d | ||
| 040 |
_aBMC _cBMC |
||
| 082 | _a346.01 | ||
| 082 | _a323.7284 | ||
| 245 | 0 | 0 |
_aManual del procedimiento de investigación _b: violaciones al derecho a la vida y a la integridad personal |
| 250 | _a1ª ed | ||
| 260 |
_aSan Salvador (El Salvador) _bProcuraduría para la Defensa de los Derechos Humanos _c1996 |
||
| 300 |
_a353 p. _c22 cm |
||
| 650 | 2 | 4 |
_922094 _aDerechos de la personalidad |
| 650 | 2 | 4 |
_95361 _aDerechos humanos _zEl Salvador |
| 710 | 2 |
_95418 _aEl Salvador _bProcuraduría para la Defensa de los Derechos Humanos |
|
| 942 |
_2ddc _cBK |
||
| 999 |
_c30048 _d30048 |
||